Normal view
MARC view
Entry Personal Name
001 - CONTROL NUMBER
- control field: 37881
003 - CONTROL NUMBER IDENTIFIER
- control field: ARRUPE
005 - DATE AND TIME OF LATEST TRANSACTION
- control field: 20171201152348.0
008 - FIXED-LENGTH DATA ELEMENTS
- fixed length control field: 171201|| aca||aabn | a|a d
040 ## - CATALOGING SOURCE
- Original cataloging agency: ARRUPE
- Transcribing agency: ARRUPE
100 ## - HEADING--PERSONAL NAME
- Personal name: Douglas, Mary
670 ## - SOURCE DATA FOUND
- Source citation: Work cat.: (ARRUPE)38806: Douglas, Mary, Purity and danger:, 1969